000 00808nam a2200241 i 4500
001 147534
003 ES-MaACL
005 20230906202051.0
007 t|
008 071002s1971 sp ||||1| spa d
080 _a940.1"04/14"
080 _a32(4)"04/14"
100 1 _aUllmann, Walter.
_9111938
245 1 0 _aPrincipios de gobierno y política en la Edad Media /
_cWalter Ullmann ; [traducido por Graciela Soriano].
260 _aMadrid :
_bRevista de Occidente,
_c[1971]
300 _a322 p. :
_bil ;
_c21 cm.
490 1 _aBiblioteca de política y sociología ;
_v17
650 4 _aPolítica-
_yS.V-XV.
_9171929
651 4 _aEuropa-
_xHistoria-
_y0476-1492.
_9160435
830 1 _aBiblioteca de política y sociología ;
_v17
_9187480
852 _aES-MaACL
_jE-7744
999 _c147534
_d147534